000 01016cam a2200313 a 4500
001 4516915
003 ARRUPE
005 20150227170956.0
008 970813s1995 maua b 001 0beng
010 _a95006016
020 _a1565630602 (pbk.)
035 _a(OCoLC)503282564
035 _a(OCoLC)ocn503282564
035 _a(NNC)4516915
040 _aDLC
_cDLC
_dDLC
050 _aBT590J8
_bY68 1995
090 _aBT590.J8
_bY68 1995
100 1 _aYoung, Brad.
_915649
245 1 0 _aJesus the Jewish theologian /
_cBrad H. Young ; forewords by Marvin R. Wilson and David Wolpe
260 _aPeabody, Mass. :
_bHendrickson Publishers,
_cc1995
300 _axxxvi, 308 p. :
_bill. ;
_c2 cm
504 _aIncludes bibliographical references (p. [283]-295) and indexes
600 0 0 _aJesus Christ
_xJewishness.
_915650
600 0 0 _aJesus Christ
_vBiography.
_915651
600 0 0 _aJesus Christ
_xTeachings.
_911865
600 0 0 _aJesus Christ
_xMessiahship.
_912191
942 _2lcc
_cMONOGRAPH
999 _c122232
_d122232